| 000 | 00544nam a22001937a 4500 | ||
|---|---|---|---|
| 003 | KOHA_MİRAKIL | ||
| 005 | 20251201074220.0 | ||
| 008 | 251201b tu ||||| |||| 00| 0 tur d | ||
| 020 | _a9789758564811 | ||
| 040 |
_aTR-AnABB _btur _cTR-AnABB |
||
| 041 | _atur | ||
| 082 |
_a343.5610999 _bAVS 2010 |
||
| 100 | 1 | _aAvşar, Zakir, | |
| 245 | 1 | 0 |
_aBilişim hukuku / _cZakir Avşar |
| 260 |
_aİstanbul : _bTürkiye Bankalar Birliği, _c2010 |
||
| 300 |
_a344 sayfa ; _c24 cm |
||
| 650 | 0 | 4 | _aBilişim suçları hukuku |
| 942 |
_2ddc _cBK |
||
| 999 |
_c9678 _d9678 |
||
| 900 | _bGizem YORULMAZ | ||